00353cam a22001097a 4500008004000000082001500040100002400055245009200079260002600171300000900197650003700206180718b1987 xxu||||| |||| 00| 0 eng d aZx47 So47s aSolomakhin, Paul V. aSoviet agrarian policy : a critical appraisal of western veiw pointcby P.V. Solomakhin aDelhibAgricolec1987 a63p. aAgriculture and state - U.S.S.R.